00617nam a22001817a 450000500170000001000150001702000260003203500140005803700130007208200110008510000210009624501440011726000290026127000550029030000220034570000340036771000340040120171220152645.0 aENG-121925 a9788189833701c225.00 aEN-105457 bDBAD/PUB a897.08 aGaleano, Eduardo aDays and nights of love and war / cby Edurado Galeano ;translated by Judith BristerbIn defense of the world translated by Bobbye S. Ortiz aDelhibAakar Booksc2009 a28E Pocket IV, Mayur Vihar Phase I,bDelhie110091 a178p. c27cm(pbk) atranslated by Judith Brister  atranslated by Bobbye S. Ortiz